Getting the GISC of it? (Record no. 67350)

MARC details
000 -LEADER
fixed length control field 00909cam a2200217 4500
001 - CONTROL NUMBER
control field ABS64158
008 - FIXED-LENGTH DATA ELEMENTS--GENERAL INFORMATION
fixed length control field 000000n2001 000 0 eng u
035 ## - SYSTEM CONTROL NUMBER
System control number (Sirsi) u113127
100 ## - MAIN ENTRY--PERSONAL NAME
Personal name Mungo, J.
245 ## - TITLE STATEMENT
Title Getting the GISC of it?
260 ## - PUBLICATION, DISTRIBUTION, ETC.
Date of publication, distribution, etc. 2001
490 ## - SERIES STATEMENT
Series statement Property Week
Volume/sequential designation 66(22)1 June 2001, 76(1)
520 ## - SUMMARY, ETC.
Summary, etc. Looks at how the General Insurance Standards Council (GISC) will affect companies holding insurance agencies. Under the new framework any property company wishing to trade or place insurances with more than one insurer or broker must be a GISC member. Examines alternatives to GISC membership in addition to the application, monitoring and investigation processes.
590 ## - LOCAL NOTE (RLIN)
Local note ABS
650 ## - SUBJECT ADDED ENTRY--TOPICAL TERM
Topical term or geographic name entry element GENERAL INSURANCE STANDARDS COUNCIL
650 ## - SUBJECT ADDED ENTRY--TOPICAL TERM
Topical term or geographic name entry element INSURANCE AGENTS
650 ## - SUBJECT ADDED ENTRY--TOPICAL TERM
Topical term or geographic name entry element INSURANCE BROKERS
650 ## - SUBJECT ADDED ENTRY--TOPICAL TERM
Topical term or geographic name entry element INSURANCE SERVICES
690 ## - LOCAL SUBJECT ADDED ENTRY--TOPICAL TERM (OCLC, RLIN)
Topical term or geographic name as entry element Insurance
9 (RLIN) 6249
942 ## - ADDED ENTRY ELEMENTS (KOHA)
Suppress in OPAC 0
Holdings
Withdrawn status Lost status Source of classification or shelving scheme Damaged status Not for loan Home library Current library Shelving location Date acquired Total Checkouts Full call number Barcode Date last seen Copy number Price effective from Koha item type
    Dewey Decimal Classification     London London Journal article 18/06/2001   ABS64158 113127-1001 06/08/2019 1 06/08/2019 Journal article